| 000 | 02911nmm a22002297a 4500 | ||
|---|---|---|---|
| 999 |
_c5176 _d5176 |
||
| 003 | OSt | ||
| 005 | 20240417120740.0 | ||
| 008 | 191018e xxu|||||o||d| 00| 0 spa d | ||
| 020 | _a9789873008276 | ||
| 040 | _cPJ | ||
| 245 | 1 | 0 |
_aRevista Laboral : _bprocedimiento laboral - IV / _cMario E. Ackerman director. |
| 260 |
_aSanta Fé : _bRubinzal Culzoni, _c2017. |
||
| 300 |
_a536 p. _c22 cm. |
||
| 310 | _asemestral | ||
| 362 | _aNo. 2 (2017) | ||
| 500 | _aExtensión de condena, ¿incidente o proceso?, por Jorge A. Rojas; Proceso y verdad, por Mariano Candal; La traba de la litis y el principio de congruencia, por Alejandro H. Perugini; Consideraciones sobre la competencia territorial y la garantía constitucional del juez natural, por Diego Fernando Manauta; El recurso de inaplicabilidad de la ley y los fallos plenarios frente a la ley 26.853, por Silvia E. Pinto Varela; Reflexiones sobre la doble instancia en la ley 18.345, su sistema recursivo, el relativo valor dado a las sentencias de primera instancia y el anegamiento de la Cámara Nacional de Apelaciones del Trabajo de la Capital Federal, por Miguel Ángel Maza; Reflexiones sobre el impulso de oficio y la crisis del fuero Nacional del Trabajo, por María Isabel Sforsini y Guido A. Seren Novoa; ¿Tiene fundamento normativo la pretendida aptitud jurisdiccional de las Comisiones Médicas en las provincias que no adhieran al Título I de la ley 27.348?, por Mario E. Ackerman; Sobre las Comisiones Médicas y el (in)debido proceso, por José Daniel Machado; El modelo cordobés de procedimiento en riesgos de trabajo : honor o humor, por César Arese; El procedimiento laboral en la Provincia de Córdoba de única instancia, por Daniel Horacio Brain; La audiencia de trámite en el procedimiento laboral de la Provincia de Santa Fe, en la práctica, ¿concreta sus propósitos?, por Mariana Victoria García; El proceso declarativo de trámite abreviado en el Código Procesal Laboral de la Provincia de Santa Fe : análisis desde la implementación del sistema, por Sebastián Coppoletta; El recurso extraordinario de inaplicabilidad de ley en el procedimiento laboral de la Provincia de Buenos Aires, por Diego J. Tula; Recurso extraordinario de nulidad en la Provincia de Buenos Aires, por Osvaldo Maddaloni; Temas de procedimientos en Mendoza, por Daniela Favier; Caducidad de instancia vs. prescripción por desistimiento tácito de la instancia en el proceso laboral de la Provincia de Mendoza, por Carlos Alberto Livellara. Jurisprudencia Sumarios y sistematización de fallos, por María Isabel Sforsini y Diego Guirado. | ||
| 650 | 0 |
_91316 _aDERECHO LABORAL |
|
| 650 | 0 |
_91514 _aPROCEDIMIENTO LABORAL |
|
| 700 |
_91423 _aAckermann, Mario Eduardo _edirector |
||
| 856 |
_uhttps://www.rubinzal.com.ar/revistas/revista-de-derecho-laboral/5/?menupc=1 _yRevista Derecho Laboral |
||
| 942 |
_2udc _cPP |
||